000
00337nam a2200157Ia 4500
100
_a
Shibu/K.V
650
_a
Embedded
942
_c
BK
366
_f
25
245
_a
Introduction to Embedded system
260
_b
Tata Mc Graw hill Ltd.
_c
2009
082
_a
3.3
_b
SHI
300
_a
716
546
_a
ENGLISH
_c
PAMPHALETS
999
_c
17801
_d
17801